00326pam a2200145a 44500008004100000020000900041041001200050082000900062100001900071245003900090250000600129260002800135300000800163650000900171230515b1992 xxu||||| |||| 00| 0 eng d aNULL aENGLISH aN.D. aVasandani V.P. aHydraulic Machines Theory & Design a0 aNULLbKhanna Pub.c1992 a647 aNULL